| 000 -LEADER |
| fixed length control field |
00735nam a22001577a 4500 |
| 003 - CONTROL NUMBER IDENTIFIER |
| control field |
OSt |
| 005 - DATE AND TIME OF LATEST TRANSACTION |
| control field |
20150922141554.0 |
| 008 - FIXED-LENGTH DATA ELEMENTS--GENERAL INFORMATION |
| fixed length control field |
150922b xxu||||| |||| 00| 0 eng d |
| 040 ## - CATALOGING SOURCE |
| Transcribing agency |
RUA |
| 082 ## - DEWEY DECIMAL CLASSIFICATION NUMBER |
| Classification number |
AGR KUY 2009 B039 Or.1 |
| 100 ## - MAIN ENTRY--PERSONAL NAME |
| 9 (RLIN) |
1111 |
| Personal name |
KUY, PHEAKDEY |
| 245 ## - TITLE STATEMENT |
| Title |
Application of lime to acid soil to increase swa tow mustard's yield in svay chrum district,svay reang province ការប្រើប្រាស់កំបោរលើដីអាស៊ីត ដើម្បីបង្កើនទិន្នផលស្ពៃជើងទា នៅស្រុកស្វាយជ្រុំ ខេត្តស្វាយរៀង |
| 260 ## - PUBLICATION, DISTRIBUTION, ETC. (IMPRINT) |
| Place of publication, distribution, etc. |
phnom penh |
| Name of publisher, distributor, etc. |
RUA |
| Date of publication, distribution, etc. |
2009 |
| 300 ## - PHYSICAL DESCRIPTION |
| Extent |
xii, 41p |
| Other physical details |
ill |
| Dimensions |
29cm |
| 942 ## - ADDED ENTRY ELEMENTS (KOHA) |
| Source of classification or shelving scheme |
|
| Koha item type |
AGR |